Games on the Nintendo Switch - Statistics

General Stats
  • This quiz has been taken 34 times
  • The average score is 4 of 10
Answers on the Grid
Answers color-coded by a green-red scale on the quiz's grid according to % correct below.
Forza Horizon 4
Fortnite
OverCooked: All You Can Eat
Papa's Pizzeria
Kirby and the Forgotten Land
Lego Worlds
The Legend of Zelda: Ocarina of Time
The Legend Of Zelda: Tears of the Kingdom
Skate 3
Cookie Clicker
Hyrule Warriors: Age of Calamity
The Simpsons: Road Rage
Pokemon: Sword
Hey You, Pikachu!
Animal Crossing: New Horizons
Kirby Air Ride
Battlefront
MarioKart Double Dash
Rollercoaster Tycoon
Super Mario Maker
 
Answer Stats
Answer % Correct
Fortnite
76%
The Legend Of Zelda: Tears of the Kingdom
67%
Kirby and the Forgotten Land
57%
Animal Crossing: New Horizons
52%
Hyrule Warriors: Age of Calamity
38%
Pokemon: Sword
33%
OverCooked: All You Can Eat
29%
Lego Worlds
19%
Cookie Clicker
0%
Rollercoaster Tycoon
0%
No matching quizzes found
Score Distribution
Percent of People with Each Score
Percentile by Number Answered
Your Score History
You have not taken this quiz